Angielski-Miejsce zamieszkania słówka - Statystyki

Ogólne statystyki
  • Ten quiz został rozwiązany 19 razy
    16 od ostatniego zresetowania
  • Średni wynik to 14 z 93
Statystyki odpowiedzi
Hint Odpowiedź % Poprawnych
alarm clock budzik
57%
semi-detached house/semi dom bliźniak
57%
oen house dom otwart
57%
sunny słoneczny
57%
countryside wieś
57%
make yourself at home czuć się jak u siebie w domu,rozgościć się
50%
studio flat kawalerka
43%
air conditioning klimatyzacja
43%
parking space miejsce parkingowe
43%
assing a przydzielić miejsce parkingowe
43%
cosy przytulny
43%
terraced house/terrace dom szeregowy
36%
boiler room kotłownia
36%
airy przestronny
29%
roomy przestronny
29%
spacious przestronny
29%
tower block wieżowiec
29%
bright jasny
21%
unfurnished nieumeblowany
21%
playground plac zabaw, boisko
21%
bookshlef/bookshelves półka/pólki na książki
21%
bedside table szafka nocna
21%
ultra-modern ultranowoczesny
21%
designed by zaprojektowany przez
21%
hustle and bustle zgiełk
21%
two-storey bulding budynek dwupiętrowy
14%
townhouse kamienica
14%
easy-to-clean łatwy do czyszczenia
14%
easy access to sth łatwy dostęp do czegoś
14%
en-suit-bathroom łazienka przy sypialni
14%
dingy obskurny
14%
isolated odizolowany
14%
gated community ogrodzone osiedle mieszkaniowe
14%
fenced off ogrodzony
14%
housing estate osiedle mieszkaniowe
14%
housing development osiedle mieszkaniowe
14%
bathroom tiles płytki łazienkowe
14%
suburban podmiejski
14%
bedding pościel
14%
urban area przestrzeń miejska
14%
fully furnished w pełni umeblowany
14%
conventienly/pleasantly located wygodnie/ładnie usytuowany
14%
antique furniture zabytkowe meble
14%
run-down zniszczony
14%
poky ciasny
7%
fee at home czuć się swobodnie
7%
commute dojazd do pracy
7%
alloment dziłka
7%
soundproof dzwiękoszczelny,wyciszony
7%
bridcage klatka dla ptaków
7%
resident mieszkaniec,mieszkanka
7%
made-to-order na zamówienie/wymiary
7%
there's no place like home Nie ma jak w domu
7%
unwelcoming nieprzyjemny,nieprzyjemny
7%
hea-resistant odporny na gorąco
7%
with a feel o podmiejskim klimacie
7%
leafy pełen zieleni
7%
outskirts peryferie miasta
7%
location położenie
7%
banister poręcz,balustrada
7%
suburb przedmieście
7%
bare pusty
7%
impressive robiący wrażenie,imponujący
7%
expensive countryside rozległe obszary wiejskie
7%
sparsely decorated/furnished skąpo urządzony/umeblowany
7%
downtown śródmiejski,centralny
7%
stylish stylowy,elegancki
7%
built-in/fitted wardrobe szafa wnękowa
7%
durable trwały
7%
rural wiejski
7%
damp wilgotny
7%
dilapidated w opłakanym stanie
7%
fully equipped w pełni wyposażony
7%
within easy reach w pobliżu
7%
cluttered zagracany
7%
shabby zaniedbany
7%
cramped ciasny,zastawiony
0%
put your houe in order doprowadzić własne sprawy do porządku
0%
residential area dzielnica mieszkaniowa
0%
housing density gęstość zabudowy mieszkalnej
0%
home from home miejsce,gdzie człowiek czuje się jak w domu
0%
on the house na koszt fimry
0%
messy niechlujny,zabałaganiony,nieporządny
0%
eat sb out of house and home obejść kogoś,wyczyścić komuś lodówke
0%
trailer park osiedle przyczep kempingowych
0%
open-plan otwarty,bez ścianek działowych
0%
neat and tidy schludny,czysty
0%
house-hunt szukać domu/mieszkania
0%
anscient tarożytny,wiekowy,bardzo stary
0%
quaint uroczy, o staroświeckim wdzięku
0%
within walking distance of sth w niewielkiej odległości od czegość
0%
stately home zabytkowa rezydencja wiejska,dwór,pałac
0%
get on like a house on fire z miejsca się zaprzyjaźnić
0%
Nie znaleziono quizów pasujących do podanych kryteriów
Rozkład punktacji
Procent ludzi z każdym wynikiem
Percentyl według liczby udzielonych odpowiedzi
Twoja historia wyników
Nie rozwiązałeś tego quizu od ostatniego zresetowania